000 00386pab a2200157 454500
008 180718b2002 xxu||||| |||| 00| 0 eng d
100 _aAlam, Shah
245 _aPipeline politics in the Caspian sea basin
260 _c2002
300 _ap.5-26.
362 _aJan-Mzar
650 _aGas resources
650 _aPetroleum resources
773 _aStrategic Analysis
909 _a52024
999 _c52024
_d52024